| 000 | 01502nam0a2200373 4500 | ||
|---|---|---|---|
| 001 | RU\NLR\bibl\1294382 | ||
| 005 | 20260405173900.0 | ||
| 010 |
_a978-5-7050-0505-5 _91000 |
||
| 021 |
_aRU _b2008-76086 _94394 |
||
| 035 | _a(NLR Aleph) 001280022 | ||
| 090 |
_a493069 _c493069 |
||
| 100 | _a20081113d2008 |||y0rusy50 ca | ||
| 101 | 0 |
_arus _deng _eeng |
|
| 102 | _aRU | ||
| 105 | _aa ||||||||| | ||
| 200 | 1 |
_aМетрология и фундаментальные физические константы _dMetrology and fundamental physical constants _fС.А. Кононогов _zeng |
|
| 210 |
_aМосква _cСтандартинформ _d2008 |
||
| 215 |
_a268, [2] с. _cил. _d25 |
||
| 300 | _aАвт. также на англ. яз.: S.A. Kononogov | ||
| 300 | _aРез. на англ. яз. | ||
| 320 | _aБиблиогр. в конце глав | ||
| 510 | 0 |
_6z20790 _aMetrology and fundamental physical constants _zeng |
|
| 606 | 1 |
_aФизические константы _9958634 _3RU\NLR\auth\6638723 |
|
| 606 | 1 |
_aМетрология _9887859 _3RU\NLR\auth\66298 |
|
| 686 | _aВ3с25 | ||
| 686 | _aЖ10 | ||
| 700 | 1 |
_4070 _8rus _7ca _aКононогов _bС. А. _gСергей Алексеевич _3RU\NLR\auth\7775192 _958120 |
|
| 790 | 1 |
_4070 _8rus _7ba _aKononogov _bS. A. _gSergej Alekseevič _3RU\NLR\auth\7775193 _958121 |
|
| 801 | 0 |
_aRU _bNLR _c20081113 _gRCR |
|
| 801 | 1 |
_aRU _bNLR _c20081113 |
|
| 830 | _aАвт. по кн. | ||
| 942 | _cBOOK | ||
| 980 | _aNB | ||